| 000 | 01175nam a22002057a 4500 | ||
|---|---|---|---|
| 003 | JO-AjAnu | ||
| 005 | 20250929133653.0 | ||
| 008 | 250928b jo ||||| |||| 00| 0 ara d | ||
| 040 |
_aJO-AjAnu _bara _cJO-AjAnu _dJO-AjAnu _erda |
||
| 041 | 0 |
_aara _hara |
|
| 050 |
_aK564 _b2025 |
||
| 100 | 1 |
_aالعمري، معتز عبدالرحمن محمود _eمعد _966685 |
|
| 245 | 0 |
_aالطبيعة القانونية لجرائم انتحال الصفة عبر المواقع الإلكترونية في القانون الأردني والمقارن = The Legal Nature of Online Impersonation Crimes in Jordanian and Comparative Law / _cاعداد معتز عبدالرحمن محمود العمري ؛ اشراف منتصر القضاة |
|
| 260 | _c2025 | ||
| 300 | _a86 ورقة | ||
| 504 | _aرسالة جامعية( رسالة ماجستير في القانون)- جامعة عجلون الوطنية(عجلون، الاردن)- كلية الحقوق، قسم القانون، 2025. | ||
| 650 | 7 | 0 |
_aالجرائم الالكترونية- قوانين وتشريعات- الاردن. _966687 |
| 700 | 1 |
_aالقضاة، منتصر _964973 _eمشرف |
|
| 942 |
_2lcc _cTHS _n0 |
||
| 999 |
_c34003 _d34003 |
||